• 首页
  • 本馆介绍
  • 公告通知
  • 最新文献
  • 馆藏检索
  • 电子资源
  • 读者导购
  • 参考咨询
  • 我的图书馆
  • 登录
  • 详细信息显示
  • 放入我的书架
  • 预约/预借图书
  • 作者相关作品
  • 分类相关作品
  • 丛书相关作品
  • 出版社相关作品

书目信息

  • 表格格式
  • 工作单格式
  • 卡片格式
题名:
《读书》十年
    
 
作者: 扬之水 著
分册: 三  
出版信息: 北京   中华书局  2012
页数: 514页
开本: 22cm
丛书名:
单 册:
中图分类: I267.5 , I267.1
科图分类:
主题词: 日记--作品集--中国--当代 , 随笔--作品集--中国--当代
电子资源:
ISBN: 978-7-101-08701-7
000 00842nam0 2200253 450
001 339945
005 20150604162446.32
010    @a978-7-101-08701-7@b精装@dCNY48.00
100    @a20120914d2012 em y0chiy50 ea
101 0  @achi
102    @aCN@b110000
105    @aa z 001cy
106    @ar
200 1  @a《读书》十年@A《 du shu 》 shi nian@h三@e一九九四—一九九六@f扬之水著
210    @a北京@c中华书局@d2012
215    @a514页@c图, 照片@d22cm
330    @a本书以《读书》编辑部的日常事务、编著往来为中心, 记录了当时与《读书》发生往来的知识界的种种情况, 也从侧面反映了中国社会的变化。
606 0  @a日记@x作品集@y中国@z当代
606 0  @a随笔@x作品集@y中国@z当代
690    @aI267.5@v5
690    @aI267.1@v5
701  0 @a扬之水@Ayang zhi shui@c(女, @f1954)@4著
801  0 @aCN@b卓展宏图@c20150525
905    @dI267.5@e1691:3@f5
    
    《读书》十年.三:一九九四—一九九六/扬之水著.-北京:中华书局,2012
    514页:图, 照片;22cm
    
    
    ISBN 978-7-101-08701-7(精装):CNY48.00
    本书以《读书》编辑部的日常事务、编著往来为中心, 记录了当时与《读书》发生往来的知识界的种种情况, 也从侧面反映了中国社会的变化。
●
相关链接 在E读中查询图书 在五车中查询图书 在当当中查询图书 在豆瓣中查询图书


正题名:《读书》十年     索取号:I267.5/1691:3         预约/预借

序号 登录号 条形码 馆藏地/架位号 状态 备注
1 855031   208550316   第一样本阅览室/ [索取号:I267.5/1691:3] 在馆    
2 855032   208550325   教育系资料室/ [索取号:I267.5/1691:3] 在馆    
3 855033   208550334   第二借阅区/ [索取号:I267.5/1691:3] 在馆    
4 855034   208550343   第二借阅区/ [索取号:I267.5/1691:3] 在馆    
5 855035   208550352   教育系资料室/ [索取号:I267.5/1691:3] 在馆    
唐山师范学院图书馆 欢迎您!
大连网信软件有限公司© 版权所有